Sąsiady niemiec - Statystyki

Ogólne statystyki
  • Ten quiz został rozwiązany 104 razy
  • Średni wynik to 8 z 9
Statystyki odpowiedzi
Hint Odpowiedź % Poprawnych
P Polska
99%
B Belgia
97%
H Holandia
96%
D Dania
94%
F Francja
92%
C Czechy
91%
L Luksemburg
86%
A Austria
82%
S Szwajcaria
82%
Nie znaleziono quizów pasujących do podanych kryteriów
Rozkład punktacji
Procent ludzi z każdym wynikiem
Percentyl według liczby udzielonych odpowiedzi
Twoja historia wyników
Nie rozwiązałeś tego quizu